[Event "OeISM B U10"]
[Site "AUT_boys_U10"]
[Date "2020.12.13"]
[Round "3"]
[White "Nikolaus2709"]
[Black "Chesstornado2011"]
[Result "0-1"]
[WhiteElo "1508"]
[BlackElo "1497"]
[Annotator "NA RC"]
[PlyCount "100"]
[EventDate "2020.12.13"]
[EventType "blitz"]

1. e4 {[%emt 0:00:05] Chesstornado2011 reconnected.} e5 {[%emt 0:02:01]} 2. Nf3 {[%emt 0:00:06]} Nc6 {[%emt 0:00:03]} 3. Bc4 {[%emt 0:00:03]} Bc5 {[%emt 0:00:02]} 4. c3 {[%emt 0:00:03]} Nf6 {[%emt 0:00:04]} 5. d4 {[%emt 0:00:03]} exd4 {[%emt 0:00:03]} 6. e5 {[%emt 0:00:02]} d5 {[%emt 0:00:20]} 7. Bb3 {[%emt 0:00:18]} Ne4 {[%emt 0:00:12]} 8. cxd4 {[%emt 0:00:14]} Bb4+ {[%emt 0:00:03]} 9. Bd2 {[%emt 0:00:15]} Nxd2 {[%emt 0:00:10]} 10. Nbxd2 {[%emt 0:00:02]} Bxd2+ {[%emt 0:00:02]} 11. Qxd2 {[%emt 0:00:02]} O-O {[%emt 0:00:06]} 12. O-O {[%emt 0:00:02]} Bg4 {[%emt 0:00:05]} 13. Qe2 {[%emt 0:00:10]} Nxd4 {[%emt 0:00:10]} 14. Qe3 {[%emt 0:00:07]} Nxf3+ {[%emt 0:00:06]} 15. gxf3 {[%emt 0:00:04]} Bh3 {[%emt 0:00:02]} 16. Rfd1 {[%emt 0:00:09]} c6 {[%emt 0:00:18]} 17. f4 {[%emt 0:00:07]} Qd7 {[%emt 0:00:09]} 18. Rd3 {[%emt 0:00:12]} Bf5 {[%emt 0:00:07]} 19. Rc3 {[%emt 0:00:06]} Be4 {[%emt 0:00:03]} 20. Re1 {[%emt 0:00:19]} Rfe8 {[%emt 0:00:10]} 21. Qg3 {[%emt 0:00:26]} Re6 {[%emt 0:00:21]} 22. Qe3 {[%emt 0:00:37]} Rg6+ {[%emt 0:00:08]} 23. Kf1 {[%emt 0:00:02]} Bg2+ {[%emt 0:00:24]} 24. Ke2 {[%emt 0:00:05]} Rc8 {[%emt 0:00:02]} 25. Rd3 {[%emt 0:00:08]} Qg4+ {[%emt 0:00:14]} 26. Kd2 {[%emt 0:00:05]} Be4 {[%emt 0:00:12]} 27. Rd4 {[%emt 0:00:16]} a6 {[%emt 0:00:25]} 28. Qg3 {[%emt 0:00:10]} Qd7 {[%emt 0:00:13]} 29. Qc3 {[%emt 0:00:04]} Qg4 {[%emt 0:00:08]} 30. Rf1 {[%emt 0:01:14]} Qxf4+ {[%emt 0:00:09]} 31. Qe3 {[%emt 0:00:13]} Qxe5 {[%emt 0:00:09]} 32. Rb4 {[%emt 0:00:20]} Qxb2+ {[%emt 0:00:13]} 33. Ke1 {[%emt 0:00:12]} Re6 {[%emt 0:00:32]} 34. Kd1 {[%emt 0:00:54]} Qb1+ {[%emt 0:00:33]} 35. Qc1 {[%emt 0:00:05]} Bf3+ {[%emt 0:00:04]} 36. Kd2 {[%emt 0:00:06]} Re2+ {[%emt 0:00:09]} 37. Kc3 {[%emt 0:00:10]} Qf5 {[%emt 0:00:23]} 38. Re1 {[%emt 0:00:28]} Qe5+ {[%emt 0:00:09]} 39. Kd3 {[%emt 0:00:14]} Rxe1 {[%emt 0:00:10]} 40. Qd2 {[%emt 0:00:13]} Re2 {[%emt 0:00:31]} 41. Qc3 {[%emt 0:00:06]} Qf5+ {[%emt 0:00:17]} 42. Kd4 {[%emt 0:00:05]} c5+ {[%emt 0:00:12]} 43. Qxc5 {[%emt 0:00:05]} Rxc5 {[%emt 0:00:06]} 44. Kxc5 {[%emt 0:00:02]} Qc8+ {[%emt 0:00:06]} 45. Kb6 {[%emt 0:00:04]} Re6+ {[%emt 0:00:11]} 46. Ka7 {[%emt 0:00:03]} Qc5+ {[%emt 0:00:06]} 47. Kxb7 {[%emt 0:00:08]} Qxb4+ {[%emt 0:00:04]} 48. Kc7 {[%emt 0:00:02]} Qb6+ {[%emt 0:00:02]} 49. Kd7 {[%emt 0:00:04]} Qc6+ {[%emt 0:00:05]} 50. Kd8 {[%emt 0:00:02]} Re8# {[%emt 0:00:02] Mate Mate} 0-1

[Event "OeISM B U10"]
[Site "AUT_boys_U10"]
[Date "2020.12.13"]
[Round "3"]
[White "Davidalaba"]
[Black "Chessroman"]
[Result "0-1"]
[WhiteElo "1479"]
[BlackElo "1520"]
[Annotator "NA RC"]
[PlyCount "60"]
[EventDate "2020.12.13"]
[EventType "blitz"]

1. e4 {[%emt 0:00:03]} e5 {[%emt 0:00:06]} 2. Nf3 {[%emt 0:00:01]} Nf6 {[%emt 0:00:05]} 3. Nxe5 {[%emt 0:00:02]} d6 {[%emt 0:00:02]} 4. Nf3 {[%emt 0:00:03]} Nxe4 {[%emt 0:00:02]} 5. d3 {[%emt 0:00:03]} Nf6 {[%emt 0:00:03]} 6. Bg5 {[%emt 0:00:03]} Be7 {[%emt 0:00:06]} 7. Be2 {[%emt 0:00:04]} O-O {[%emt 0:00:02]} 8. O-O {[%emt 0:00:02]} h6 {[%emt 0:00:04]} 9. Bh4 {[%emt 0:00:03]} d5 {[%emt 0:00:09]} 10. d4 {[%emt 0:00:09]} c6 {[%emt 0:00:04]} 11. Nc3 {[%emt 0:00:05]} Bf5 {[%emt 0:00:07]} 12. Re1 {[%emt 0:00:04]} Re8 {[%emt 0:00:05]} 13. Qd2 {[%emt 0:00:10]} Nbd7 {[%emt 0:00:09]} 14. a3 {[%emt 0:00:03]} Qc7 {[%emt 0:00:16]} 15. Bg3 {[%emt 0:00:08]} Bd6 {[%emt 0:00:08]} 16. Bxd6 {[%emt 0:00:09]} Qxd6 {[%emt 0:00:05]} 17. Bd3 {[%emt 0:00:09]} Bg4 {[%emt 0:00:37]} 18. Be2 {[%emt 0:00:36]} Re7 {[%emt 0:00:17]} 19. h3 {[%emt 0:00:13]} Bh5 {[%emt 0:00:06]} 20. g4 {[%emt 0:00:26]} Bg6 {[%emt 0:00:15]} 21. Bd3 {[%emt 0:00:02]} Ne4 {[%emt 0:00:10]} 22. Bxe4 {[%emt 0:00:14]} Bxe4 {[%emt 0:00:13]} 23. Qe2 {[%emt 0:00:27]} Rae8 {[%emt 0:00:07]} 24. Nxe4 {[%emt 0:00:20]} Rxe4 {[%emt 0:00:04]} 25. Qd3 {[%emt 0:00:15]} Qf4 {[%emt 0:00:07]} 26. Kg2 {[%emt 0:00:15]} Nf6 {[%emt 0:00:15]} 27. c3 {[%emt 0:00:21]} Nxg4 {[%emt 0:00:49]} 28. hxg4 {[%emt 0:00:07]} Qxg4+ {[%emt 0:00:04]} 29. Kf1 {[%emt 0:00:07]} Qh3+ {[%emt 0:00:04]} 30. Kg1 {[%emt 0:00:05]} Rg4# {[%emt 0:00:04] Mate Mate} 0-1

[Event "OeISM B U10"]
[Site "AUT_boys_U10"]
[Date "2020.12.13"]
[Round "3"]
[White "Kaljikovic"]
[Black "Daniel195"]
[Result "0-1"]
[WhiteElo "1395"]
[BlackElo "1639"]
[Annotator "NA RC"]
[PlyCount "82"]
[EventDate "2020.12.13"]
[EventType "blitz"]

1. d4 {[%emt 0:00:02]} d5 {[%emt 0:00:03]} 2. Nc3 {[%emt 0:00:02]} Nf6 {[%emt 0:00:04]} 3. Bf4 {[%emt 0:00:02]} e6 {[%emt 0:00:02]} 4. Qd3 {[%emt 0:00:19]} Bd6 {[%emt 0:00:06]} 5. g3 {[%emt 0:00:06]} Bxf4 {[%emt 0:00:02]} 6. gxf4 {[%emt 0:00:03]} Nc6 {[%emt 0:00:08]} 7. Nb5 {[%emt 0:00:11]} a6 {[%emt 0:00:05]} 8. Na3 {[%emt 0:00:08]} Qe7 {[%emt 0:00:17]} 9. O-O-O {[%emt 0:00:14]} Nb4 {[%emt 0:00:08]} 10. Qb3 {[%emt 0:00:08]} Ne4 {[%emt 0:00:10]} 11. f3 {[%emt 0:00:09]} Nf2 {[%emt 0:00:02]} 12. e4 {[%emt 0:00:09]} Nxh1 {[%emt 0:00:03]} 13. e5 {[%emt 0:00:12]} Nf2 {[%emt 0:00:08]} 14. Rd2 {[%emt 0:00:05]} Nc6 {[%emt 0:00:18]} 15. f5 {[%emt 0:00:10]} Rb8 {[%emt 0:00:29]} 16. f6 {[%emt 0:00:05]} gxf6 {[%emt 0:00:07]} 17. exf6 {[%emt 0:00:07]} Qxf6 {[%emt 0:00:04]} 18. Nh3 {[%emt 0:00:09]} Nxh3 {[%emt 0:00:03]} 19. Bxh3 {[%emt 0:00:04]} Rg8 {[%emt 0:00:05]} 20. Rd1 {[%emt 0:00:05]} Qh6+ {[%emt 0:00:07]} 21. f4 {[%emt 0:00:12]} Qxf4+ {[%emt 0:00:19]} 22. Kb1 {[%emt 0:00:11]} Qxh2 {[%emt 0:00:12]} 23. Qf3 {[%emt 0:00:32]} Qg3 {[%emt 0:00:08]} 24. Qe2 {[%emt 0:00:19]} Qxh3 {[%emt 0:00:04]} 25. Qd2 {[%emt 0:00:16]} Qg2 {[%emt 0:00:17]} 26. Qc1 {[%emt 0:00:16]} Qg5 {[%emt 0:00:07]} 27. Rg1 {[%emt 0:00:03]} Qxg1 {[%emt 0:00:02]} 28. b3 {[%emt 0:00:15]} Qxc1+ {[%emt 0:00:04]} 29. Kxc1 {[%emt 0:00:02]} h5 {[%emt 0:00:01]} 30. Nb1 {[%emt 0:00:04]} h4 {[%emt 0:00:01]} 31. Nd2 {[%emt 0:00:03]} h3 {[%emt 0:00:00]} 32. Nf1 {[%emt 0:00:04]} Rg1 {[%emt 0:00:03]} 33. Kb2 {[%emt 0:00:06]} Rxf1 {[%emt 0:00:06]} 34. c4 {[%emt 0:00:13]} h2 {[%emt 0:00:00]} 35. cxd5 {[%emt 0:00:04]} h1=Q {[%emt 0:00:03]} 36. dxc6 {[%emt 0:00:08]} Rb1+ {[%emt 0:00:03]} 37. Kc2 {[%emt 0:00:03]} Qd1+ {[%emt 0:00:02]} 38. Kc3 {[%emt 0:00:03]} Rc1+ {[%emt 0:00:01]} 39. Kb4 {[%emt 0:00:04]} Qxd4+ {[%emt 0:00:02]} 40. Ka3 {[%emt 0:00:03]} b5 {[%emt 0:00:07]} 41. b4 {[%emt 0:00:09]} Qc3# {[%emt 0:00:01] Mate Mate} 0-1

[Event "OeISM B U10"]
[Site "AUT_boys_U10"]
[Date "2020.12.13"]
[Round "3"]
[White "BeatG10"]
[Black "Janoschluis"]
[Result "1/2-1/2"]
[WhiteElo "1291"]
[BlackElo "1420"]
[Annotator "NA RC"]
[PlyCount "57"]
[EventDate "2020.12.13"]
[EventType "blitz"]

1. e4 {[%emt 0:00:03]} e6 {[%emt 0:00:02]} 2. d4 {[%emt 0:00:02]} d5 {[%emt 0:00:03]} 3. Nc3 {[%emt 0:00:01]} dxe4 {[%emt 0:00:02]} 4. Nxe4 {[%emt 0:00:04]} Qd5 {[%emt 0:00:02]} 5. Nc3 {[%emt 0:00:09]} Qa5 {[%emt 0:00:13]} 6. Nf3 {[%emt 0:00:09]} Bb4 {[%emt 0:00:05]} 7. Bd2 {[%emt 0:00:03]} Nf6 {[%emt 0:00:04]} 8. a3 {[%emt 0:00:13]} Bxc3 {[%emt 0:00:20]} 9. Bxc3 {[%emt 0:00:02]} Qh5 {[%emt 0:00:08]} 10. Be2 {[%emt 0:00:07]} O-O {[%emt 0:00:11]} 11. Ne5 {[%emt 0:00:16]} Qf5 {[%emt 0:00:11]} 12. O-O {[%emt 0:00:13]} Bd7 {[%emt 0:00:09]} 13. Bd3 {[%emt 0:00:08]} Ne4 {[%emt 0:00:08]} 14. Qe1 {[%emt 0:00:37]} Bc6 {[%emt 0:00:44]} 15. f3 {[%emt 0:00:20]} Qg5 {[%emt 0:00:42]} 16. Bxe4 {[%emt 0:00:48]} Bxe4 {[%emt 0:00:22]} 17. Qxe4 {[%emt 0:00:10]} f5 {[%emt 0:00:13]} 18. Qe2 {[%emt 0:00:46]} f4 {[%emt 0:00:25]} 19. Ng4 {[%emt 0:00:43]} Re8 {[%emt 0:00:44]} 20. Qe4 {[%emt 0:00:13]} Nc6 {[%emt 0:00:32]} 21. Bd2 {[%emt 0:00:13]} Rad8 {[%emt 0:00:21]} 22. c3 {[%emt 0:00:13]} h5 {[%emt 0:00:28]} 23. Bxf4 {[%emt 0:00:24]} Qb5 {[%emt 0:00:25] Janoschluis offers a draw} 24. Nh6+ {[%emt 0:00:46]} gxh6 {[%emt 0:01:23]} 25. Qg6+ {[%emt 0:00:02]} Kh8 {[%emt 0:01:01]} 26. Qxh6+ {[%emt 0:00:02]} Kg8 {[%emt 0:00:07]} 27. Qg6+ {[%emt 0:00:17]} Kh8 {[%emt 0:00:11]} 28. Bh6 {[%emt 0:00:23]} Rg8 {[%emt 0:00:39]} 29. Qf6+ {[%emt 0:00:04] BeatG10 offers a draw} 1/2-1/2

[Event "OeISM B U10"]
[Site "AUT_boys_U10"]
[Date "2020.12.13"]
[Round "3"]
[White "Hamino10"]
[Black "Derenick2010"]
[Result "0-1"]
[WhiteElo "1284"]
[BlackElo "1470"]
[Annotator "NA RC"]
[PlyCount "126"]
[EventDate "2020.12.13"]
[EventType "blitz"]

1. e4 {[%emt 0:00:04]} e5 {[%emt 0:00:03]} 2. Nf3 {[%emt 0:00:01]} Nc6 {[%emt 0:00:02]} 3. Nc3 {[%emt 0:00:02]} Bc5 {[%emt 0:00:03]} 4. Bb5 {[%emt 0:00:04]} a6 {[%emt 0:00:03]} 5. Bxc6 {[%emt 0:00:02]} dxc6 {[%emt 0:00:02]} 6. O-O {[%emt 0:00:01]} Qf6 {[%emt 0:00:14]} 7. h3 {[%emt 0:00:03]} Qg6 {[%emt 0:00:03]} 8. d3 {[%emt 0:00:04]} Bxh3 {[%emt 0:00:04]} 9. Nh4 {[%emt 0:00:06]} Qg4 {[%emt 0:00:15]} 10. Qxg4 {[%emt 0:00:09]} Bxg4 {[%emt 0:00:02]} 11. Na4 {[%emt 0:00:11]} b6 {[%emt 0:00:06]} 12. Nxc5 {[%emt 0:00:05]} bxc5 {[%emt 0:00:02]} 13. f3 {[%emt 0:00:03]} Be6 {[%emt 0:00:05]} 14. Bd2 {[%emt 0:00:07]} Nf6 {[%emt 0:00:05]} 15. Ba5 {[%emt 0:00:07]} Rc8 {[%emt 0:00:03]} 16. b4 {[%emt 0:00:06]} cxb4 {[%emt 0:00:02]} 17. Bxb4 {[%emt 0:00:02]} Nd7 {[%emt 0:00:07]} 18. a4 {[%emt 0:00:08]} c5 {[%emt 0:00:04]} 19. Bc3 {[%emt 0:00:04]} O-O {[%emt 0:00:03]} 20. Nf5 {[%emt 0:00:05]} Bxf5 {[%emt 0:00:04]} 21. exf5 {[%emt 0:00:02]} Rfe8 {[%emt 0:00:08]} 22. f4 {[%emt 0:00:02]} exf4 {[%emt 0:00:05]} 23. Rxf4 {[%emt 0:00:04]} Re2 {[%emt 0:00:14]} 24. f6 {[%emt 0:00:04]} Nxf6 {[%emt 0:00:06]} 25. Bxf6 {[%emt 0:00:03]} gxf6 {[%emt 0:00:01]} 26. Rg4+ {[%emt 0:00:07]} Kf8 {[%emt 0:00:03]} 27. Rf1 {[%emt 0:00:05]} Ke7 {[%emt 0:00:18]} 28. Rh4 {[%emt 0:00:05]} Rh8 {[%emt 0:00:07]} 29. Rhf4 {[%emt 0:00:05]} Rxc2 {[%emt 0:00:10]} 30. Rxf6 {[%emt 0:00:02]} h5 {[%emt 0:00:04]} 31. Rxf7+ {[%emt 0:00:03]} Ke8 {[%emt 0:00:02]} 32. Rg7 {[%emt 0:00:15]} c4 {[%emt 0:00:20]} 33. Rb1 {[%emt 0:00:03]} Kf8 {[%emt 0:00:23]} 34. Rxc7 {[%emt 0:00:02]} Re2 {[%emt 0:00:19]} 35. Rb8+ {[%emt 0:00:02]} Re8 {[%emt 0:00:02]} 36. Rbb7 {[%emt 0:00:07]} Re1+ {[%emt 0:00:10]} 37. Kh2 {[%emt 0:00:03]} h4 {[%emt 0:00:20]} 38. Rf7+ {[%emt 0:00:03]} Kg8 {[%emt 0:00:06]} 39. Rg7+ {[%emt 0:00:07]} Kf8 {[%emt 0:00:03]} 40. Rbf7+ {[%emt 0:00:02]} Ke8 {[%emt 0:00:02]} 41. Ra7 {[%emt 0:00:07]} Kf8 {[%emt 0:00:05]} 42. Rgf7+ {[%emt 0:00:05]} Kg8 {[%emt 0:00:04]} 43. Rg7+ {[%emt 0:00:02]} Kf8 {[%emt 0:00:01]} 44. Raf7+ {[%emt 0:00:02]} Ke8 {[%emt 0:00:04]} 45. Rd7 {[%emt 0:00:04]} Kf8 {[%emt 0:00:03]} 46. Rgf7+ {[%emt 0:00:03]} Kg8 {[%emt 0:00:07]} 47. Rg7+ {[%emt 0:00:04]} Kf8 {[%emt 0:00:02]} 48. Ra7 {[%emt 0:00:02]} Re2 {[%emt 0:00:10]} 49. dxc4 {[%emt 0:00:03]} h3 {[%emt 0:00:03]} 50. Raf7+ {[%emt 0:00:05]} Ke8 {[%emt 0:00:04]} 51. Re7+ {[%emt 0:00:10]} Rxe7 {[%emt 0:00:03]} 52. Rxe7+ {[%emt 0:00:02]} Kxe7 {[%emt 0:00:02]} 53. gxh3 {[%emt 0:00:02]} Kd6 {[%emt 0:00:02]} 54. Kg3 {[%emt 0:00:03]} Kc5 {[%emt 0:00:01]} 55. a5 {[%emt 0:00:02]} Kxc4 {[%emt 0:00:02]} 56. Kg4 {[%emt 0:00:01]} Kb4 {[%emt 0:00:01]} 57. h4 {[%emt 0:00:01]} Kxa5 {[%emt 0:00:01]} 58. Kg5 {[%emt 0:00:01]} Kb4 {[%emt 0:00:01]} 59. h5 {[%emt 0:00:02]} a5 {[%emt 0:00:01]} 60. Kg6 {[%emt 0:00:01]} a4 {[%emt 0:00:01]} 61. h6 {[%emt 0:00:01]} a3 {[%emt 0:00:02]} 62. Kg7 {[%emt 0:00:01]} Rxh6 {[%emt 0:00:01]} 63. Kxh6 {[%emt 0:00:01]} a2 {[%emt 0:00:02] Hamino10 resigns} 0-1

[Event "OeISM B U10"]
[Site "AUT_boys_U10"]
[Date "2020.12.13"]
[Round "3"]
[White "Luis_VST"]
[Black "Hugo_11"]
[Result "0-1"]
[WhiteElo "1275"]
[BlackElo "1333"]
[Annotator "NA RC"]
[PlyCount "30"]
[EventDate "2020.12.13"]
[EventType "blitz"]

1. e4 {[%emt 0:00:03]} e5 {[%emt 0:00:02]} 2. Nf3 {[%emt 0:00:02]} Nc6 {[%emt 0:00:02]} 3. Nc3 {[%emt 0:00:01]} Nf6 {[%emt 0:00:02]} 4. Bb5 {[%emt 0:00:01]} Bc5 {[%emt 0:00:05]} 5. Bxc6 {[%emt 0:00:02]} bxc6 {[%emt 0:00:02]} 6. d3 {[%emt 0:00:05]} Ng4 {[%emt 0:00:04]} 7. h3 {[%emt 0:00:04]} Nxf2 {[%emt 0:00:02]} 8. O-O {[%emt 0:00:06]} Nxd1+ {[%emt 0:00:02]} 9. Kh1 {[%emt 0:00:23]} Nf2+ {[%emt 0:00:02]} 10. Kh2 {[%emt 0:00:03]} Qf6 {[%emt 0:00:13]} 11. Kg1 {[%emt 0:00:11]} Nxh3+ {[%emt 0:00:03]} 12. Kh1 {[%emt 0:00:08]} d6 {[%emt 0:00:11]} 13. Kh2 {[%emt 0:00:05]} Nf4 {[%emt 0:00:09]} 14. Kg3 {[%emt 0:00:06]} Qg6+ {[%emt 0:00:08]} 15. Kh2 {[%emt 0:00:04]} Qxg2# {[%emt 0:00:02] Mate Mate} 0-1

[Event "OeISM B U10"]
[Site "AUT_boys_U10"]
[Date "2020.12.13"]
[Round "4"]
[White "Lukas-2010"]
[Black "Mightimix"]
[Result "1-0"]
[WhiteElo "1954"]
[BlackElo "1712"]
[Annotator "NA RC"]
[PlyCount "81"]
[EventDate "2020.12.13"]
[EventType "blitz"]

1. e4 {[%emt 0:00:04] Mightimix reconnected.} e5 {[%emt 0:00:13]} 2. Nf3 {[%emt 0:00:03]} Nc6 {[%emt 0:00:02]} 3. Bb5 {[%emt 0:00:03]} Bc5 {[%emt 0:00:06]} 4. O-O {[%emt 0:00:02]} Nf6 {[%emt 0:00:05]} 5. Re1 {[%emt 0:00:02]} O-O {[%emt 0:00:02]} 6. c3 {[%emt 0:00:13]} a6 {[%emt 0:00:14]} 7. Bxc6 {[%emt 0:00:05]} dxc6 {[%emt 0:00:05]} 8. Nxe5 {[%emt 0:00:02]} Re8 {[%emt 0:00:16]} 9. d4 {[%emt 0:00:06]} Bd6 {[%emt 0:00:06]} 10. Bf4 {[%emt 0:00:28]} Bxe5 {[%emt 0:00:30]} 11. Bxe5 {[%emt 0:00:05]} Ng4 {[%emt 0:00:04]} 12. Bg3 {[%emt 0:00:05]} Be6 {[%emt 0:00:24]} 13. Nd2 {[%emt 0:00:06]} h6 {[%emt 0:00:19]} 14. f3 {[%emt 0:00:07]} Nf6 {[%emt 0:00:05]} 15. Nb3 {[%emt 0:00:05]} b6 {[%emt 0:00:11]} 16. Qc2 {[%emt 0:00:09]} a5 {[%emt 0:00:07]} 17. a4 {[%emt 0:00:18]} Bc4 {[%emt 0:00:10]} 18. Nd2 {[%emt 0:00:05]} Ba6 {[%emt 0:00:03]} 19. Bf2 {[%emt 0:00:07]} Nh7 {[%emt 0:00:26]} 20. c4 {[%emt 0:00:08]} Qg5 {[%emt 0:00:07]} 21. Rad1 {[%emt 0:00:27]} Qg6 {[%emt 0:00:15]} 22. b3 {[%emt 0:00:09]} Ng5 {[%emt 0:00:03]} 23. Kh1 {[%emt 0:00:04]} Re6 {[%emt 0:00:17]} 24. f4 {[%emt 0:00:22]} Qf6 {[%emt 0:00:15]} 25. f5 {[%emt 0:00:26]} Ree8 {[%emt 0:00:09]} 26. e5 {[%emt 0:00:05]} Qd8 {[%emt 0:00:11]} 27. h4 {[%emt 0:00:33]} Nh7 {[%emt 0:00:05]} 28. Nf3 {[%emt 0:00:16]} b5 {[%emt 0:00:02]} 29. d5 {[%emt 0:00:10]} bxc4 {[%emt 0:00:16]} 30. bxc4 {[%emt 0:00:06]} cxd5 {[%emt 0:00:04]} 31. cxd5 {[%emt 0:00:05]} Qd7 {[%emt 0:00:52]} 32. e6 {[%emt 0:00:21]} fxe6 {[%emt 0:00:03]} 33. dxe6 {[%emt 0:00:06]} Qe7 {[%emt 0:00:09]} 34. Rd7 {[%emt 0:00:04]} Qf6 {[%emt 0:00:06]} 35. Bd4 {[%emt 0:00:04]} Qf8 {[%emt 0:00:28]} 36. Qxc7 {[%emt 0:00:13]} Nf6 {[%emt 0:00:12]} 37. Rf7 {[%emt 0:00:06]} Qb4 {[%emt 0:00:38]} 38. Rxg7+ {[%emt 0:00:04]} Kh8 {[%emt 0:00:10]} 39. Rg8+ {[%emt 0:00:11]} Kxg8 {[%emt 0:00:37]} 40. Qf7+ {[%emt 0:00:02]} Kh8 {[%emt 0:00:12]} 41. Bxf6# {[%emt 0:00:00] Mate} 1-0

[Event "OeISM B U10"]
[Site "AUT_boys_U10"]
[Date "2020.12.13"]
[Round "4"]
[White "NIKO2011"]
[Black "philip2010"]
[Result "1/2-1/2"]
[WhiteElo "1846"]
[BlackElo "1893"]
[Annotator "NA"]
[PlyCount "116"]
[EventDate "2020.12.13"]
[EventType "blitz"]

1. e4 {[%emt 0:00:58]} d6 {[%emt 0:00:06]} 2. d4 {[%emt 0:00:02]} Nf6 {[%emt 0:00:02]} 3. Nc3 {[%emt 0:00:02]} e5 {[%emt 0:00:05]} 4. dxe5 {[%emt 0:00:02]} dxe5 {[%emt 0:00:00]} 5. Qxd8+ {[%emt 0:00:02]} Kxd8 {[%emt 0:00:00]} 6. Bg5 {[%emt 0:00:02]} Be6 {[%emt 0:00:02]} 7. O-O-O+ {[%emt 0:00:02]} Kc8 {[%emt 0:00:01]} 8. Nf3 {[%emt 0:00:04]} Nbd7 {[%emt 0:00:03]} 9. Bb5 {[%emt 0:00:09]} c6 {[%emt 0:00:03]} 10. Ba4 {[%emt 0:00:02]} Bb4 {[%emt 0:00:06]} 11. Rhe1 {[%emt 0:00:09]} Bxc3 {[%emt 0:00:05]} 12. bxc3 {[%emt 0:00:01]} Kc7 {[%emt 0:00:04]} 13. Bb3 {[%emt 0:00:03]} h6 {[%emt 0:00:18]} 14. Bh4 {[%emt 0:00:04]} Bxb3 {[%emt 0:00:13]} 15. cxb3 {[%emt 0:00:03]} Rhe8 {[%emt 0:00:06]} 16. Nd2 {[%emt 0:00:22]} g5 {[%emt 0:00:14]} 17. Bg3 {[%emt 0:00:04]} Rad8 {[%emt 0:00:26]} 18. Nc4 {[%emt 0:00:06]} Re6 {[%emt 0:00:29]} 19. f3 {[%emt 0:00:04]} b5 {[%emt 0:00:06]} 20. Ne3 {[%emt 0:00:03]} Nh5 {[%emt 0:01:46]} 21. Bf2 {[%emt 0:00:55]} Ng7 {[%emt 0:00:16]} 22. Nc2 {[%emt 0:00:15]} a5 {[%emt 0:00:15]} 23. Na3 {[%emt 0:00:22]} Ree8 {[%emt 0:00:23]} 24. Rd2 {[%emt 0:00:19]} Nf8 {[%emt 0:00:40]} 25. Red1 {[%emt 0:00:06] NIKO2011 offers a draw} Nfe6 {[%emt 0:00:18]} 26. Bg3 {[%emt 0:00:12]} f6 {[%emt 0:00:14]} 27. Bf2 {[%emt 0:00:06]} Rxd2 {[%emt 0:00:30]} 28. Rxd2 {[%emt 0:00:03]} Rd8 {[%emt 0:00:12]} 29. Nc2 {[%emt 0:00:03]} Rxd2 {[%emt 0:00:09]} 30. Kxd2 {[%emt 0:00:02]} h5 {[%emt 0:00:27]} 31. g3 {[%emt 0:00:09]} Ne8 {[%emt 0:00:27]} 32. Ne3 {[%emt 0:00:07]} N6g7 {[%emt 0:00:08]} 33. Nc2 {[%emt 0:00:12]} Nd6 {[%emt 0:00:11]} 34. Bc5 {[%emt 0:00:05]} Ne6 {[%emt 0:00:05]} 35. Bxd6+ {[%emt 0:00:06]} Kxd6 {[%emt 0:00:02]} 36. Ne3 {[%emt 0:00:03]} Ng7 {[%emt 0:00:05]} 37. Kd3 {[%emt 0:00:07]} Kc5 {[%emt 0:00:14]} 38. a3 {[%emt 0:00:05]} a4 {[%emt 0:00:33]} 39. b4+ {[%emt 0:00:04]} Kb6 {[%emt 0:00:06]} 40. c4 {[%emt 0:00:06]} Ne6 {[%emt 0:00:23]} 41. c5+ {[%emt 0:00:16]} Kc7 {[%emt 0:00:05]} 42. Nf5 {[%emt 0:00:05] NIKO2011 offers a draw} Kd7 {[%emt 0:00:19]} 43. Kc3 {[%emt 0:00:07]} Nf8 {[%emt 0:01:03]} 44. Ng7 {[%emt 0:00:21]} h4 {[%emt 0:00:03]} 45. Kd3 {[%emt 0:00:10]} Ng6 {[%emt 0:00:07]} 46. Nf5 {[%emt 0:00:05]} hxg3 {[%emt 0:00:06]} 47. hxg3 {[%emt 0:00:03] philip2010 offers a draw} Ke6 {[%emt 0:00:17]} 48. Ng7+ {[%emt 0:00:05]} Kf7 {[%emt 0:00:08]} 49. Nf5 {[%emt 0:00:02]} Ke6 {[%emt 0:00:01]} 50. Nd6 {[%emt 0:00:09]} Kd7 {[%emt 0:00:06]} 51. Ke3 {[%emt 0:00:06]} Ke6 {[%emt 0:00:10]} 52. Nc8 {[%emt 0:00:04]} Kd7 {[%emt 0:00:05]} 53. Nd6 {[%emt 0:00:04]} Ke6 {[%emt 0:00:02]} 54. Kd3 {[%emt 0:00:01]} Kd7 {[%emt 0:00:04]} 55. Ke2 {[%emt 0:00:05]} Ke6 {[%emt 0:00:02]} 56. Ne8 {[%emt 0:00:02]} Ke7 {[%emt 0:00:04]} 57. Nd6 {[%emt 0:00:04]} Ke6 {[%emt 0:00:02]} 58. Ke3 {[%emt 0:00:03]} Kd7 {[%emt 0:00:04] NIKO2011 offers a draw} 1/2-1/2

[Event "OeISM B U10"]
[Site "AUT_boys_U10"]
[Date "2020.12.13"]
[Round "4"]
[White "EdiRaber"]
[Black "BeatG10"]
[Result "1-0"]
[WhiteElo "1732"]
[BlackElo "1297"]
[Annotator "NA"]
[PlyCount "101"]
[EventDate "2020.12.13"]
[EventType "blitz"]

1. e4 {[%emt 0:00:04]} e6 {[%emt 0:00:02]} 2. d4 {[%emt 0:00:03]} d5 {[%emt 0:00:02]} 3. e5 {[%emt 0:00:02]} c5 {[%emt 0:00:01]} 4. c3 {[%emt 0:00:02]} Nc6 {[%emt 0:00:03]} 5. Bb5 {[%emt 0:00:02]} Bd7 {[%emt 0:00:02]} 6. Bxc6 {[%emt 0:00:02]} Bxc6 {[%emt 0:00:00]} 7. Nf3 {[%emt 0:00:02]} Qb6 {[%emt 0:00:10]} 8. O-O {[%emt 0:00:05]} Ne7 {[%emt 0:00:11]} 9. Qb3 {[%emt 0:00:05]} Qxb3 {[%emt 0:00:16]} 10. axb3 {[%emt 0:00:14]} Nf5 {[%emt 0:00:02]} 11. Bf4 {[%emt 0:00:12]} Be7 {[%emt 0:00:12]} 12. Nbd2 {[%emt 0:00:08]} b6 {[%emt 0:00:03]} 13. b4 {[%emt 0:00:14]} O-O {[%emt 0:00:07]} 14. bxc5 {[%emt 0:00:04]} bxc5 {[%emt 0:00:01]} 15. g4 {[%emt 0:00:09]} Nh6 {[%emt 0:00:30]} 16. Bxh6 {[%emt 0:00:04]} gxh6 {[%emt 0:00:01]} 17. Ra6 {[%emt 0:00:04]} Bb5 {[%emt 0:00:06]} 18. Ra5 {[%emt 0:00:03]} Bxf1 {[%emt 0:00:03]} 19. Kxf1 {[%emt 0:00:04]} cxd4 {[%emt 0:00:09]} 20. Nxd4 {[%emt 0:00:03]} Rfc8 {[%emt 0:00:23]} 21. Ke2 {[%emt 0:00:11]} Rc5 {[%emt 0:00:02]} 22. Ra6 {[%emt 0:00:07]} Rc7 {[%emt 0:00:22]} 23. N2b3 {[%emt 0:00:08]} Rb7 {[%emt 0:00:01]} 24. Ra2 {[%emt 0:00:14]} Bc5 {[%emt 0:00:07]} 25. Nxc5 {[%emt 0:00:11]} Rc7 {[%emt 0:00:07]} 26. Na6 {[%emt 0:00:06]} Rb7 {[%emt 0:00:12]} 27. b4 {[%emt 0:00:04]} Rb6 {[%emt 0:00:16]} 28. b5 {[%emt 0:00:14]} Rc8 {[%emt 0:00:24]} 29. Nc6 {[%emt 0:00:04]} Kf8 {[%emt 0:00:17]} 30. Kd2 {[%emt 0:00:13]} Rxb5 {[%emt 0:00:07]} 31. Nxa7 {[%emt 0:00:06]} Rbc5 {[%emt 0:00:10]} 32. Nxc5 {[%emt 0:00:04]} Rxc5 {[%emt 0:00:01]} 33. Ra6 {[%emt 0:00:08]} Rc7 {[%emt 0:00:10]} 34. Nc6 {[%emt 0:00:03]} Kg7 {[%emt 0:00:09]} 35. Nd4 {[%emt 0:00:05]} Rb7 {[%emt 0:00:18]} 36. Kc2 {[%emt 0:00:04]} Rc7 {[%emt 0:00:14]} 37. Rxe6 {[%emt 0:00:04]} Rxc3+ {[%emt 0:00:12]} 38. Kxc3 {[%emt 0:00:04]} fxe6 {[%emt 0:00:00]} 39. Nxe6+ {[%emt 0:00:01]} Kf7 {[%emt 0:00:00]} 40. Nf4 {[%emt 0:00:02]} Ke7 {[%emt 0:00:05]} 41. Kd4 {[%emt 0:00:02]} Kf7 {[%emt 0:00:03]} 42. Kxd5 {[%emt 0:00:03]} Ke7 {[%emt 0:00:04]} 43. e6 {[%emt 0:00:02]} h5 {[%emt 0:00:00]} 44. Nxh5 {[%emt 0:00:02]} h6 {[%emt 0:00:00]} 45. f4 {[%emt 0:00:03]} Kf8 {[%emt 0:00:02]} 46. Kd6 {[%emt 0:00:02]} Ke8 {[%emt 0:00:01]} 47. e7 {[%emt 0:00:02]} Kf7 {[%emt 0:00:02]} 48. Kd7 {[%emt 0:00:01]} Kg8 {[%emt 0:00:04]} 49. e8=Q+ {[%emt 0:00:02]} Kh7 {[%emt 0:00:00]} 50. Qf7+ {[%emt 0:00:02]} Kh8 {[%emt 0:00:01]} 51. Qg7# {[%emt 0:00:00] Mate Mate} 1-0